| 000 | 00525nam a2200181Ia 4500 | ||
|---|---|---|---|
| 005 | 20250507130445.0 | ||
| 008 | 008 250505s9999 xx 000 0 chi d | ||
| 037 | _aDVD | ||
| 040 |
_aEASL _beng _cEASL |
||
| 041 |
_achi _2eng |
||
| 084 | _qEASL | ||
| 100 |
_aGuo Jia Dui Wai Hai Yu Jiao Xue Ling Dao Xiao Ju _9664514 |
||
| 245 | 0 | _aZhong guo gu shi yi bai shou: A hundred gems of ancient Chinese poetry | |
| 260 |
_aChina _bBeijing Yu Wen Press _c2003 |
||
| 300 | _a CD | ||
| 942 | _cDVD | ||
| 999 |
_c1320295 _d1320295 |
||